000
00301nam a22001337a 4500
020
_a
978-81-264-2400-9
082
_a
823
_b
NAM/T
100
_a
NAMBIAR, APARNA
245
_a
THE TALE OF SURPANAKA
260
_a
KOTTAYAM
_b
DC BOOKS
300
_a
21
650
_a
ENGLISH SHORT STORY
_z
KERALA
942
_c
BK
999
_c
3294
_d
3294